01135nam a2200193Ia 4500001001100000003001000011008004100021040002500062041001300087100003300100245007600133250001100209260008500220300002700305500023700332501011400569520023700683650002100920L241-13721IT-CnALBA170116s9999||||xx |||||||||||||| ||und|| aIT-CnALBAcIT-CnALBA aITALIANO aGRAZIOLI ANGELO, MONS. DOTT. 0aQUESTIONI DI MORALE MATRIMONIALE. QUADERNI DI TEOLOGIA MORALE. VOL II.  a1a ed. aTORINObL.I.C.E. ROBERTO BERRUTI c1950 [1° Ed.:1950 - Ed.Ling.Originale: 1950] a157 p. (prefazione: 5) aFINALITÀ DEL MATRIMONIO. PASTORALE MATRIMONIALE. METODO OGINO KNAUS. CERTIFICATO PREMATRIMONIALE. MATRIMONI NULLI. STERILIZZAZIONE. COAUTORI: A. SCHIAFFINO. G. ROSSINO. L. MOLINENGO. R. VERARDO. P. MATTEO DA CORONATA. A. GENNARO.  aSocietà San Paolo EM - Piazza San Paolo, 14 - 12051 ALBA (CN) (non commercial uses only) ® Copyright 2017 aFINALITÀ DEL MATRIMONIO. PASTORALE MATRIMONIALE. METODO OGINO KNAUS. CERTIFICATO PREMATRIMONIALE. MATRIMONI NULLI. STERILIZZAZIONE. COAUTORI: A. SCHIAFFINO. G. ROSSINO. L. MOLINENGO. R. VERARDO. P. MATTEO DA CORONATA. A. GENNARO.  aMORALE CATTOLICA